Belarus : publicystyčny i litaraturna-mastacki iljustravany štomesjačnik /
Saved in:
| Format: | Journal |
|---|---|
| Language: | Belarusian |
| Published: |
Minsk :
Polymja,
1944-9999.
Minsk : Polymja. |
| Online Access: | http://zviazda.by/be/archive/edition/47916 |
| Tags: |
Add Tag
No Tags, Be the first to tag this record!
|
Titul je dostupný aj v ... 

MARC
| LEADER | 00000nas a2200000 a 4500 | ||
|---|---|---|---|
| 001 | 000304607 | ||
| 003 | SVKK | ||
| 005 | 20240912073647.0 | ||
| 008 | 040702c19449999bw mr|p||| |0 a0bel | ||
| 022 | |a 0320-7544 | ||
| 040 | |a KE001 |b slo |e AACR2 | ||
| 041 | 0 | |a bel | |
| 044 | |a bw |c BY | ||
| 210 | 0 | |a Belarus' |b (1944) | |
| 222 | 0 | |a Belarus' |b (1944) | |
| 245 | 0 | 0 | |a Belarus : |b publicystyčny i litaraturna-mastacki iljustravany štomesjačnik / |c Sajuz belaruskich pis'mennikau i Belaruskae tavarystva družby i kul'turnau svjazie zamežnymi krainami. |
| 246 | 3 | 3 | |a Belarus' |
| 260 | |a Minsk : |b Polymja, |c 1944-9999. | ||
| 260 | 3 | |a Minsk : |b Polymja. | |
| 310 | |a 1x mesačne | ||
| 362 | 0 | |a 1944- |z BA001/2024 | |
| 500 | |a Od febr. 2005 publikovaný v 6 jazykoch: bielorusky, anglicky, francúzsky, španielsky, nemecky a poľsky | ||
| 500 | |a Na internetových stránkach prístupné plné texty archivovaných čísel | ||
| 856 | 4 | 1 | |u http://zviazda.by/be/archive/edition/47916 |
| 910 | |a KE001 |b D.75 | ||
| 998 | |a SE | ||
| 090 | |g CASOS |k Sklad Pribinova 1. posch. |a D.75 |j 00000 |i 2721114716 |4 Silne poškodené |s Vyradená | ||